000 00432nam a2200181Ia 4500
001 15194
005 20260306165010.0
008 260306t2005||||xx |||||||||||||| ||spa||
041 _aESP
082 _a530
_bT58 V. 2
100 _aTipler, Paul A.
_eAUT
245 0 _aFísica:
_bpara la ciencia y la tecnología
260 _c2005
300 _apágs. :
_c27 cm.
650 _aGEN
654 _aCCN
942 _cLIB
_dJUS
_fJUS
_2ddc
_n
999 _c15194
_d15194